000 00248nam a2200097Ia 4500
001 641697
005 20250826153512.0
008 250824s9999 xx 000 0 und d
245 0 _aNAR TADINDA BEREKET ÖYKÜLERİ
_cDERLEME
260 _bTİMAŞ KÜLTÜR
999 _c641697
_d641697